Historia de los partidos monárquicos bajo la Segunda República / (Record no. 66319)

MARC details
000 -LEADER
campo de control de longitud fija 00619nam a2200193 i 4500
001 - NÚMERO DE CONTROL
campo de control 66319
003 - IDENTIFICADOR DE NÚMERO DE CONTROL
campo de control ES-MaACL
007 - CAMPO FIJO DE DESCRIPCIÓN FÍSICA--INFORMACIÓN GENERAL
campo de control de longitud fija t|
008 - DATOS DE LONGITUD FIJA--INFORMACIÓN GENERAL
campo de control de longitud fija 040203s1954 sp ||||1| spa d
100 1# - ENTRADA PRINCIPAL--NOMBRE DE PERSONA
Nombre de persona Galindo Herrero, Santiago,
Fechas asociadas al nombre 1920-1977
9 (RLIN) 53440
245 10 - MENCIÓN DEL TÍTULO
Título Historia de los partidos monárquicos bajo la Segunda República /
Mención de responsabilidad, etc. Santiago Galindo Herrero.
260 ## - PUBLICACIÓN, DISTRIBUCIÓN, ETC.
Lugar de publicación, distribución, etc. Madrid :
Nombre del editor, distribuidor, etc. [s.n.,
Fecha de publicación, distribución, etc. 1954] (
Fabricante Estades)
300 ## - DESCRIPCIÓN FÍSICA
Extensión 193 p. ;
Dimensiones 25 cm.
490 1# - MENCIÓN DE SERIE
Mención de serie Quema pero alumbra
830 0# - PUNTO DE ACCESO ADICIONAL DE SERIE-TÍTULO UNIFORME
Título uniforme Quema pero alumbra
9 (RLIN) 230797
852 ## - LOCALIZACIÓN
Ubicación ES-MaACL
Número de control de estantería C-8716
Sublocalización o colección R.36292
852 ## - LOCALIZACIÓN
Ubicación ES-MaACL
Número de control de estantería C-7512
Holdings
Estatus retirado Estado de pérdida Estado de daño No para préstamo Biblioteca de origen Biblioteca actual Ubicación en estantería Fecha de adquisición Fuente de adquisición Total de préstamos Signatura topográfica completa Código de barras Visto por última vez Precio de reemplazo Tipo de ítem Koha
        Biblioteca del Ateneo de Madrid Biblioteca del Ateneo de Madrid Sala Palomar 17/01/2008     C-7512 1069480 23/02/2023 23/02/2023 Libro impreso
        Biblioteca del Ateneo de Madrid Biblioteca del Ateneo de Madrid Sala Palomar 17/01/2008     C-8716 1069479 23/02/2023 23/02/2023 Libro impreso